[Event "XII Open Vallee d'Aoste A"]
[Site "Saint Vincent - Chatillon ITA"]
[Date "2004.02.09"]
[Round "2"]
[White "Brady, Stephen"]
[Black "Nisipeanu, Liviu-Dieter"]
[Result "0-1"]
[WhiteElo "2362"]
[BlackElo "2678"]
[PlyCount "108"]
[EventDate "2004.02.08"]

1. e4 c5 2. c3 d5 3. exd5 Qxd5 4. d4 Nc6 5. Nf3 Bg4 6. Be2 cxd4 7. cxd4 e6 8.
h3 Bh5 9. Nc3 Qa5 10. O-O Nf6 11. Be3 Bd6 12. a3 O-O 13. Qb3 Rab8 14. Rfd1 Rfd8
15. Qb5 Qxb5 16. Nxb5 Nd5 17. Nxd6 Rxd6 18. Kf1 f6 19. Rac1 Rbd8 20. g4 Be8 21.
Nd2 Nce7 22. Ne4 Rc6 23. Rxc6 Bxc6 24. Nc3 Kf7 25. Nxd5 Nxd5 26. Bd3 g5 27. Ke2
Rh8 28. Be4 h5 29. Bxd5 Bxd5 30. Rg1 a5 31. Bd2 a4 32. Bc3 hxg4 33. hxg4 Rh3
34. Rg3 Rh1 35. Bd2 Bc4+ 36. Ke3 Rd1 37. f3 f5 38. gxf5 exf5 39. Rg2 f4+ 40.
Ke4 Ke6 41. Rf2 b5 42. Rg2 Bd5+ 43. Kd3 Kf5 44. Rf2 Bc4+ 45. Kc2 Rg1 46. Ba5
Bb3+ 47. Kc3 Rc1+ 48. Kd3 Rd1+ 49. Bd2 Bd5 50. Ke2 Rh1 51. Bb4 Rh6 52. Bd2 Bc4+
53. Kd1 Re6 54. Kc2 Re2 0-1

[Event "XII Open Vallee d'Aoste A"]
[Site "Saint Vincent - Chatillon ITA"]
[Date "2004.02.09"]
[Round "2"]
[White "Cebalo, Miso"]
[Black "Flear, Christine"]
[Result "1-0"]
[WhiteElo "2475"]
[BlackElo "2249"]
[PlyCount "63"]
[EventDate "2004.02.08"]

1. d4 f5 2. g3 Nf6 3. Bg2 g6 4. b3 Bg7 5. Bb2 O-O 6. c4 d6 7. Qc2 a5 8. Nf3 Qe8
9. a3 c6 10. O-O Nbd7 11. Nc3 e5 12. dxe5 dxe5 13. e4 Nc5 14. Nd2 Be6 15. b4
Na6 16. exf5 gxf5 17. b5 Nc5 18. bxc6 bxc6 19. Na4 Nxa4 20. Qxa4 e4 21. Rfe1
Qh5 22. Rab1 Bd7 23. Nf1 f4 24. gxf4 Qh4 25. Qb3 Qxf4 26. Qg3 Qh6 27. Bxe4 Rae8
28. Bf3 Rf7 29. Re5 Kh8 30. Bc1 Rxe5 31. Bxh6 Ng4 32. Rb8+ 1-0

[Event "XII Open Vallee d'Aoste A"]
[Site "Saint Vincent - Chatillon ITA"]
[Date "2004.02.09"]
[Round "2"]
[White "Contin, Daniel"]
[Black "Schaefer, Michael"]
[Result "1-0"]
[WhiteElo "2394"]
[BlackElo "2179"]
[PlyCount "51"]
[EventDate "2004.02.08"]

1. e4 Nf6 2. e5 Nd5 3. d4 d6 4. exd6 exd6 5. Nf3 Be7 6. c4 Nb6 7. Nc3 O-O 8.
Bd3 Bg4 9. h3 Bh5 10. Be3 Nc6 11. g4 Bg6 12. Bxg6 fxg6 13. d5 Rxf3 14. Qxf3 Ne5
15. Qe2 Nbxc4 16. O-O g5 17. b3 Nb6 18. Rad1 Qd7 19. f4 gxf4 20. Bxf4 Qe8 21.
Nb5 Bd8 22. Bxe5 dxe5 23. Rf5 Nd7 24. d6 cxd6 25. Qc4+ Kh8 26. Nxd6 1-0

[Event "XII Open Vallee d'Aoste A"]
[Site "Saint Vincent - Chatillon ITA"]
[Date "2004.02.09"]
[Round "2"]
[White "Delchev, Aleksander"]
[Black "Giffard, Nicolas"]
[Result "1-0"]
[WhiteElo "2624"]
[BlackElo "2345"]
[PlyCount "143"]
[EventDate "2004.02.08"]

1. d4 d5 2. Nf3 Nf6 3. c4 e6 4. Nc3 Be7 5. Bg5 O-O 6. e3 h6 7. Bh4 b6 8. Be2
Bb7 9. Bxf6 Bxf6 10. cxd5 exd5 11. O-O Qe7 12. Qb3 Rd8 13. Rad1 c6 14. Rfe1 Na6
15. Bd3 Qb4 16. Qc2 Nc7 17. a3 Qf8 18. Na4 Ne6 19. Bh7+ Kh8 20. Bf5 Nc7 21. h4
Nb5 22. g3 Nd6 23. Bh3 Bc8 24. Bxc8 Raxc8 25. Kg2 Qe7 26. Nc3 Qb7 27. Qb3 Re8
28. Ne2 Qd7 29. Nf4 Nc4 30. Re2 Qf5 31. Qc2 Re4 32. Nd2 Nxd2 33. Rdxd2 Qd7 34.
Qd1 Rce8 35. Rc2 g5 36. hxg5 hxg5 37. Nh5 Bd8 38. Re1 Kg8 39. Qc1 R4e6 40. g4
Bc7 41. Qd1 Rf8 42. Rg1 f5 43. gxf5 Rh6 44. Qg4 Qxf5 45. Qxf5 Rxf5 46. Rh1 Rh7
47. Ng3 Rxh1 48. Nxh1 Rf6 49. b4 Bd8 50. Ng3 Kf7 51. Ne2 Be7 52. Nc1 Ke8 53.
Nd3 Kd7 54. Kg3 Kc7 55. Kg4 Kb7 56. Ne5 Rh6 57. Rc1 Rh4+ 58. Kf5 Rh6 59. Ng6
Bd8 60. Rc2 Rh2 61. Ne5 Rh6 62. Ng4 Rh4 63. Rc1 Be7 64. Ne5 Rh6 65. Rc2 Bd8 66.
Nf3 Rf6+ 67. Kg4 Rg6 68. Rc1 Be7 69. Rh1 Ka6 70. Rh7 Bd8 71. Rd7 Rg8 72. Ne5
1-0

[Event "XII Open Vallee d'Aoste A"]
[Site "Saint Vincent - Chatillon ITA"]
[Date "2004.02.09"]
[Round "2"]
[White "Drabke, Lorenz Maximilian"]
[Black "Rybenko, Kseniya"]
[Result "1-0"]
[WhiteElo "2439"]
[BlackElo "2242"]
[PlyCount "93"]
[EventDate "2004.02.08"]

1. e4 c5 2. Nf3 Nc6 3. Bb5 g6 4. Bxc6 dxc6 5. d3 Bg7 6. h3 b6 7. Nc3 e5 8. Be3
Ne7 9. Qd2 h6 10. Nh2 f5 11. exf5 Bxf5 12. Ng4 g5 13. Ne4 Nd5 14. O-O-O Qd7 15.
f3 O-O-O 16. Kb1 Rhf8 17. Ng3 Be6 18. Nh5 Nxe3 19. Qxe3 Bxa2+ 20. Kxa2 Qf7+ 21.
Kb1 Qxh5 22. Qe4 Qe8 23. Rhe1 Rf4 24. Qh7 Rd7 25. Re4 h5 26. Ne3 Rf6 27. Nc4
Re6 28. Qf5 b5 29. Nd2 Qg6 30. Qxg6 Rxg6 31. Rde1 Kc7 32. Nf1 Rd4 33. Ng3 h4
34. Nf5 Rxe4 35. Rxe4 Bf6 36. Rg4 Kd7 37. Nxh4 Rh6 38. Nf5 Rh7 39. Ng3 Rh4 40.
Ne4 Ke6 41. Nxg5+ Bxg5 42. Rxg5 a5 43. b3 a4 44. Rg4 Rxg4 45. fxg4 a3 46. Ka2
b4 47. g5 1-0

[Event "XII Open Vallee d'Aoste A"]
[Site "Saint Vincent - Chatillon ITA"]
[Date "2004.02.09"]
[Round "2"]
[White "Falbo, Sandro"]
[Black "D'Amore, Carlo"]
[Result "1/2-1/2"]
[WhiteElo "2206"]
[BlackElo "2441"]
[PlyCount "70"]
[EventDate "2004.02.08"]

1. d4 Nf6 2. c4 c5 3. d5 b5 4. cxb5 a6 5. bxa6 g6 6. Nc3 Bxa6 7. e4 Bxf1 8.
Kxf1 d6 9. g3 Nbd7 10. Nf3 Bg7 11. Kg2 O-O 12. Re1 Qb8 13. Re2 Ng4 14. Bf4 Ra6
15. Rc1 Qa8 16. Rcc2 Rb8 17. h3 Nge5 18. Nxe5 Nxe5 19. Bxe5 Bxe5 20. f4 Bxc3
21. bxc3 Rab6 22. Qd2 Qa4 23. f5 Rb1 24. fxg6 hxg6 25. Qg5 Rd1 26. Qxe7 Re8 27.
Qxd6 Rxe4 28. Qxc5 Qe8 29. Qf2 Rxd5 30. Qf3 Rde5 31. Rxe4 Rxe4 32. Kf2 Rc4 33.
Kg2 Re4 34. Kf2 Rc4 35. Kg2 Re4 1/2-1/2

[Event "XII Open Vallee d'Aoste A"]
[Site "Saint Vincent - Chatillon ITA"]
[Date "2004.02.09"]
[Round "2"]
[White "Faraoni, Enrico"]
[Black "Sarno, Spartaco"]
[Result "1/2-1/2"]
[WhiteElo "2164"]
[BlackElo "2395"]
[PlyCount "50"]
[EventDate "2004.02.08"]

1. d4 d6 2. e4 Nf6 3. Nc3 g6 4. f4 Bg7 5. Be3 O-O 6. Qd2 Na6 7. Nf3 c5 8. Bxa6
cxd4 9. Bxd4 bxa6 10. O-O Bb7 11. Rae1 Rc8 12. f5 Qd7 13. Qg5 Rc4 14. Qh4 e5
15. fxe6 fxe6 16. Kh1 h6 17. Bxf6 Rxf6 18. Nd2 Rxf1+ 19. Rxf1 Rc8 20. Qg4 g5
21. h4 Rf8 22. Rxf8+ Kxf8 23. hxg5 hxg5 24. Nf3 Bxc3 25. bxc3 Qh7+ 1/2-1/2

[Event "XII Open Vallee d'Aoste A"]
[Site "Saint Vincent - Chatillon ITA"]
[Date "2004.02.09"]
[Round "2"]
[White "Frilli, Guido"]
[Black "Sedina, Elena"]
[Result "0-1"]
[WhiteElo "2142"]
[BlackElo "2393"]
[PlyCount "150"]
[EventDate "2004.02.08"]

1. e4 e6 2. d3 c5 3. Nf3 Nc6 4. g3 Nge7 5. Bg2 g6 6. O-O Bg7 7. c3 e5 8. Be3 d6
9. h3 O-O 10. d4 exd4 11. cxd4 d5 12. exd5 Nxd5 13. Bg5 Bf6 14. dxc5 Bxg5 15.
Nxg5 Qxg5 16. Qxd5 Qxd5 17. Bxd5 Bxh3 18. Rd1 Nb4 19. Be4 f5 20. a3 fxe4 21.
axb4 e3 22. fxe3 Rf3 23. Kh2 Be6 24. Nd2 Rxe3 25. Re1 Rxe1 26. Rxe1 Rd8 27. Ne4
Rd4 28. Nf6+ Kf7 29. Nxh7 Rd2+ 30. Kg1 Bd5 31. Ng5+ Kg7 32. Ne6+ Kf6 33. Nf4
Bc6 34. Re2 Rd4 35. Re6+ Kf5 36. Rxg6 Rxb4 37. Nd3 Rxb2 38. Nxb2 Kxg6 39. Kf2
Kf5 40. Ke3 Bb5 41. Kd4 Kg4 42. Kc3 Kxg3 43. Kb4 Be2 44. Na4 Kf4 45. Nc3 Ke3
46. Nd5+ Kd4 47. Nc7 Bc4 48. Na8 Be6 49. Nc7 Bd7 50. Na6 Kd5 51. Nc7+ Kc6 52.
Na6 Bh3 53. Nb8+ Kc7 54. Na6+ Kc6 55. Nb8+ Kd5 56. Na6 Bc8 57. Nb8 Bf5 58. Na6
Bh3 59. Nb8 Bf1 60. Nd7 Kd4 61. Nb8 Bg2 62. Na6 Bd5 63. Nb8 Be4 64. Na6 Kd5 65.
Nb8 Ke6 66. Kc3 Bg2 67. Kb4 Ke7 68. Na6 Kd7 69. Kc3 Kc6 70. Kd4 Kb5 71. Nc7+
Kb4 72. Ne6 a5 73. Nf4 Bf1 74. Nd5+ Kb3 75. Nc3 a4 0-1

[Event "XII Open Vallee d'Aoste A"]
[Site "Saint Vincent - Chatillon ITA"]
[Date "2004.02.09"]
[Round "2"]
[White "Gagunashvili, Merab"]
[Black "Guido, Flavio"]
[Result "1-0"]
[WhiteElo "2583"]
[BlackElo "2315"]
[PlyCount "115"]
[EventDate "2004.02.08"]

1. d4 Nf6 2. c4 e6 3. Nc3 Bb4 4. Qc2 O-O 5. a3 Bxc3+ 6. Qxc3 b6 7. Bg5 Bb7 8.
f3 h6 9. Bh4 d5 10. e3 Nbd7 11. Nh3 c5 12. cxd5 Nxd5 13. Bxd8 Nxc3 14. Be7 Rfe8
15. Bh4 Nd5 16. Bb5 g5 17. Bf2 Red8 18. e4 N5f6 19. dxc5 Nxc5 20. Bxc5 bxc5 21.
Rc1 Rab8 22. Be2 Bc8 23. Rc2 Bd7 24. Rd2 Ba4 25. Rxd8+ Rxd8 26. Nf2 Rb8 27. Bd1
Bb5 28. Kd2 Nd7 29. Ng4 Kg7 30. h4 Rd8 31. Kc1 Nb8 32. e5 Nc6 33. Bc2 Bd3 34.
hxg5 hxg5 35. Rd1 c4 36. Bxd3 cxd3 37. Kd2 Rd5 38. Re1 Rb5 39. Kc3 a5 40. Rd1
Nxe5 41. Nxe5 Rxe5 42. b4 axb4+ 43. axb4 Kf6 44. Rxd3 Kf5 45. Kc4 Re2 46. g4+
Kf4 47. b5 f5 48. b6 Rb2 49. Rb3 Rc2+ 50. Kd3 Rc8 51. b7 Rb8 52. Ke2 fxg4 53.
Rb4+ Ke5 54. fxg4 Kd5 55. Ke3 Kc5 56. Rb2 Kd5 57. Rb1 Ke5 58. Rb5+ 1-0

[Event "XII Open Vallee d'Aoste A"]
[Site "Saint Vincent - Chatillon ITA"]
[Date "2004.02.09"]
[Round "2"]
[White "Godena, Michele"]
[Black "Medancic, Rikard"]
[Result "1-0"]
[WhiteElo "2515"]
[BlackElo "2277"]
[PlyCount "79"]
[EventDate "2004.02.08"]

1. e4 e5 2. Bc4 Nc6 3. Nf3 Be7 4. d4 d6 5. dxe5 dxe5 6. Qe2 Nf6 7. c3 O-O 8.
O-O Bg4 9. h3 Bd7 10. Rd1 Qc8 11. Nbd2 a6 12. Nf1 h6 13. Ng3 Re8 14. Nh4 Be6
15. Nhf5 Bf8 16. Be3 Bxc4 17. Qxc4 Qe6 18. Qxe6 Rxe6 19. f3 Ree8 20. Nf1 Rad8
21. Bf2 Rxd1 22. Rxd1 Rd8 23. Rxd8 Nxd8 24. Bh4 g5 25. Bf2 Ne6 26. g3 Kh7 27.
b4 Nd7 28. N1e3 Kg6 29. Kf1 c5 30. Nd5 h5 31. h4 gxh4 32. Nxh4+ Kh7 33. Ke2 Nd8
34. Kd2 b5 35. bxc5 Bxc5 36. Nf6+ Nxf6 37. Bxc5 Nc6 38. Nf5 Nd7 39. Be3 Kg6 40.
c4 1-0

[Event "XII Open Vallee d'Aoste A"]
[Site "Saint Vincent - Chatillon ITA"]
[Date "2004.02.09"]
[Round "2"]
[White "Golod, Vitali"]
[Black "Buchicchio, Giampaolo"]
[Result "1-0"]
[WhiteElo "2544"]
[BlackElo "2294"]
[PlyCount "95"]
[EventDate "2004.02.08"]

1. d4 d5 2. c4 c6 3. Nf3 Nf6 4. e3 a6 5. Bd3 dxc4 6. Bxc4 e6 7. a4 c5 8. O-O
Nc6 9. Qe2 cxd4 10. Rd1 Qc7 11. exd4 Be7 12. Nc3 O-O 13. Bg5 Ng4 14. h3 Bxg5
15. hxg4 Qf4 16. Ne4 Be7 17. g5 Nb4 18. Ne5 b5 19. axb5 Bb7 20. Nc5 axb5 21.
Nxe6 fxe6 22. Bxe6+ Kh8 23. Rxa8 Bxa8 24. g6 Bd6 25. g3 Qh6 26. d5 Bxe5 27.
Qxe5 Qxg6 28. Qc3 Rd8 29. Rd4 Nxd5 30. Bxd5 Qd6 31. Rg4 Qd7 32. Bf3 Qd1+ 33.
Kh2 Qd7 34. Rf4 Bxf3 35. Qxf3 h6 36. b4 Qe6 37. Re4 Qd6 38. Qf7 Qf8 39. Qxf8+
Rxf8 40. f4 Rf5 41. Kg2 Rd5 42. Re8+ Kh7 43. Rb8 g5 44. Kf3 gxf4 45. gxf4 Kg6
46. Ke4 Rh5 47. Rb6+ Kg7 48. Rc6 1-0

[Event "XII Open Vallee d'Aoste A"]
[Site "Saint Vincent - Chatillon ITA"]
[Date "2004.02.09"]
[Round "2"]
[White "Kragelj, Igor"]
[Black "Sulava, Nenad"]
[Result "0-1"]
[WhiteElo "2247"]
[BlackElo "2477"]
[PlyCount "76"]
[EventDate "2004.02.08"]

1. d4 Nf6 2. c4 e6 3. Nf3 Nc6 4. g3 d5 5. Bg2 dxc4 6. Qa4 Bb4+ 7. Bd2 Nd5 8.
Bxb4 Ndxb4 9. O-O Rb8 10. Na3 O-O 11. Qb5 b6 12. Qxc4 a5 13. Qc3 Ba6 14. Nc4
Qf6 15. Rfd1 Rfd8 16. a3 Nd5 17. Qc2 Nde7 18. e3 Qg6 19. Qb3 Qh5 20. Qc2 Bb7
21. Rac1 Kh8 22. Qb1 f6 23. Qc2 Rd7 24. Ne1 Nd8 25. Bxb7 Nxb7 26. Nd3 Ng6 27.
Ne1 Nd8 28. Rd3 Nf7 29. Qd1 Qh3 30. Qf3 e5 31. Qg2 Qf5 32. e4 Qg5 33. Rcd1 exd4
34. Nf3 Qb5 35. Rxd4 Rxd4 36. Rxd4 c5 37. Nd6 Nxd6 38. Rxd6 Qxb2 0-1

[Event "XII Open Vallee d'Aoste A"]
[Site "Saint Vincent - Chatillon ITA"]
[Date "2004.02.09"]
[Round "2"]
[White "Nevednichy, Vladislav"]
[Black "Valenti, Giuseppe"]
[Result "1-0"]
[WhiteElo "2548"]
[BlackElo "2305"]
[PlyCount "79"]
[EventDate "2004.02.08"]

1. e4 c5 2. Nf3 e6 3. Nc3 a6 4. d4 cxd4 5. Nxd4 Qc7 6. Be2 Nf6 7. O-O Nc6 8. a4
Bb4 9. Bg5 Bxc3 10. Bxf6 gxf6 11. bxc3 d6 12. Qd2 Bd7 13. f4 Ke7 14. Kh1 h5 15.
Nf3 Rad8 16. Bd3 Bc8 17. Qf2 Qa5 18. c4 Rdg8 19. e5 dxe5 20. fxe5 Nxe5 21. Nxe5
Qxe5 22. Rae1 Qc7 23. Qxf6+ Ke8 24. Be4 Qe7 25. Qe5 h4 26. Qb8 Qc5 27. h3 Ke7
28. Qf4 Rf8 29. Qf6+ Ke8 30. Rf3 Rh5 31. Qb2 Qc7 32. Rb3 Rg5 33. Bxb7 Rfg8 34.
Bf3 Rg3 35. Qf6 Qe7 36. Qf4 Qc5 37. Qxh4 Qf2 38. Rg1 R8g5 39. Qh8+ Rg8 40. Qf6
1-0

[Event "XII Open Vallee d'Aoste A"]
[Site "Saint Vincent - Chatillon ITA"]
[Date "2004.02.09"]
[Round "2"]
[White "Nordahl, Helge"]
[Black "Iordachescu, Viorel"]
[Result "1/2-1/2"]
[WhiteElo "2346"]
[BlackElo "2634"]
[PlyCount "111"]
[EventDate "2004.02.08"]

1. d4 Nf6 2. c4 e6 3. Nf3 b6 4. a3 c5 5. d5 Ba6 6. Qc2 exd5 7. cxd5 g6 8. Nc3
Bg7 9. Bf4 d6 10. Qa4+ b5 11. Nxb5 O-O 12. Nc3 Qb6 13. Qc2 Nbd7 14. e4 Rfe8 15.
Bxa6 Qxa6 16. O-O-O Rab8 17. Rhe1 Ng4 18. h3 Nge5 19. Nxe5 Nxe5 20. Bxe5 Bxe5
21. g3 c4 22. Re3 Rb3 23. f4 Qb6 24. Rf3 Bg7 25. e5 Rb8 26. Na4 Qd8 27. Rxb3
cxb3 28. Qe4 dxe5 29. d6 exf4 30. gxf4 Qd7 31. Kb1 Bf6 32. Nc5 Qxh3 33. Nd3 Rd8
34. Qd5 Qe6 35. Qxe6 fxe6 36. Nc5 Be7 37. Ne4 a5 38. a4 Bf8 39. Rd3 Kf7 40.
Ng5+ Ke8 41. Rxb3 Bxd6 42. Rb5 Ke7 43. Rxa5 h6 44. Ra7+ Rd7 45. Rxd7+ Kxd7 46.
Nh3 e5 47. fxe5 Bxe5 48. Kc2 g5 49. Kd3 Bxb2 50. Ke4 Bc1 51. Kf5 Be3 52. Ke5
Bd2 53. Kf5 Be3 54. Ke4 Bd2 55. Kf5 Be3 56. Ke4 1/2-1/2

[Event "XII Open Vallee d'Aoste A"]
[Site "Saint Vincent - Chatillon ITA"]
[Date "2004.02.09"]
[Round "2"]
[White "Popa, Claudiu"]
[Black "Prie, Eric"]
[Result "0-1"]
[WhiteElo "2199"]
[BlackElo "2429"]
[PlyCount "49"]
[EventDate "2004.02.08"]

1. e4 d5 2. exd5 Qxd5 3. Nc3 Qa5 4. d4 Nf6 5. Bc4 Bg4 6. f3 Bf5 7. Nge2 Nbd7 8.
Bd2 Qb6 9. Bb3 O-O-O 10. Na4 Qd6 11. Bf4 Qa6 12. Ng3 e5 13. dxe5 Nxe5 14. Qe2
Bb4+ 15. Kf2 Qxe2+ 16. Nxe2 Ng6 17. Be3 Nd5 18. Bxd5 Rxd5 19. Nd4 Bd7 20. a3
Bd2 21. Nc3 Bxe3+ 22. Kxe3 Re8+ 23. Kd3 Ne5+ 24. Ke4 Rd6 25. Ncb5 0-1

[Event "XII Open Vallee d'Aoste A"]
[Site "Saint Vincent - Chatillon ITA"]
[Date "2004.02.09"]
[Round "2"]
[White "Romanishin, Oleg M."]
[Black "Abeln, Michiel"]
[Result "1-0"]
[WhiteElo "2537"]
[BlackElo "2291"]
[PlyCount "91"]
[EventDate "2004.02.08"]

1. d4 f5 2. g3 Nf6 3. Bg2 g6 4. Nf3 Bg7 5. O-O O-O 6. b3 d6 7. Bb2 Qe8 8. c4 c6
9. d5 Bd7 10. Nc3 Na6 11. Rc1 Rc8 12. Nd4 Nc7 13. Qd2 c5 14. Nc2 b5 15. cxb5
Nxb5 16. Nxb5 Bxb5 17. Na3 Bd7 18. Nc4 Qf7 19. f4 Rb8 20. Ne5 Qe8 21. Nxd7 Qxd7
22. Rc4 Rb5 23. Re1 Rfb8 24. Bc3 R8b7 25. Qd3 Ne8 26. Bd2 Nf6 27. Bf3 R5b6 28.
e3 Ra6 29. Rc2 Rab6 30. Re2 Kf8 31. Rc4 Rb5 32. Ra4 R5b6 33. Kg2 Qc8 34. Ba5
Rb5 35. Bc3 Ne8 36. Be1 Nf6 37. h3 Qd7 38. Kh2 R5b6 39. Rg2 Rb8 40. g4 R6b7 41.
gxf5 Qxf5 42. Qxf5 gxf5 43. Rg5 Bh6 44. Rxf5 Kg7 45. Rc4 Kg6 46. e4 1-0

[Event "XII Open Vallee d'Aoste A"]
[Site "Saint Vincent - Chatillon ITA"]
[Date "2004.02.09"]
[Round "2"]
[White "Saldano Dayer, Horacio"]
[Black "Yeuillaz, Corrado"]
[Result "1-0"]
[WhiteElo "2420"]
[BlackElo "2199"]
[PlyCount "49"]
[EventDate "2004.02.08"]

1. e4 e6 2. d4 d5 3. e5 c5 4. c3 Qb6 5. Nf3 Bd7 6. a3 Nc6 7. b4 cxd4 8. cxd4
Rc8 9. Be3 Nge7 10. Bd3 Nf5 11. O-O Be7 12. Nbd2 O-O 13. Nb3 Nb8 14. Nc5 Bb5
15. Bf4 Rfd8 16. g4 Nh4 17. Nxh4 Bxh4 18. g5 Bxd3 19. Qxd3 Nc6 20. Qh3 Nxd4 21.
Kg2 Nf5 22. Qg4 Qb5 23. Rac1 Rc6 24. Bg3 b6 25. a4 1-0

[Event "XII Open Vallee d'Aoste A"]
[Site "Saint Vincent - Chatillon ITA"]
[Date "2004.02.09"]
[Round "2"]
[White "Tiviakov, Sergei"]
[Black "Isonzo, David"]
[Result "1-0"]
[WhiteElo "2600"]
[BlackElo "2336"]
[PlyCount "55"]
[EventDate "2004.02.08"]

1. e4 d5 2. exd5 Nf6 3. d4 Bg4 4. f3 Bf5 5. Bb5+ c6 6. dxc6 Qa5+ 7. Nc3 Nxc6 8.
Bd2 O-O-O 9. Bxc6 bxc6 10. Nce2 Qd5 11. Ng3 Bg6 12. N1e2 e5 13. c3 h5 14. Qb3
h4 15. Qxd5 Rxd5 16. Nf1 Rb5 17. b4 exd4 18. Nxd4 Re5+ 19. Kf2 c5 20. Nb3 Nd5
21. bxc5 Bc2 22. Nd4 Bxc5 23. Ne3 Bg6 24. Nxd5 Rxd5 25. Be3 Kd7 26. Rad1 Bxd4
27. Bxd4 Rb8 28. c4 1-0

[Event "XII Open Vallee d'Aoste A"]
[Site "Saint Vincent - Chatillon ITA"]
[Date "2004.02.09"]
[Round "2"]
[White "Tolhuizen, Ludo"]
[Black "Zelcic, Robert"]
[Result "1-0"]
[WhiteElo "2259"]
[BlackElo "2524"]
[PlyCount "81"]
[EventDate "2004.02.08"]

1. d4 Nf6 2. Nf3 c5 3. d5 e6 4. Nc3 exd5 5. Nxd5 Nxd5 6. Qxd5 d6 7. e4 Nc6 8.
Bc4 Be6 9. Qd3 Be7 10. c3 O-O 11. O-O Bf6 12. Bf4 Re8 13. Rad1 Qb6 14. Bxe6
Rxe6 15. Qc2 Rae8 16. Rfe1 Be5 17. Nxe5 Nxe5 18. Bg3 Ng4 19. f3 Nf6 20. c4 Nh5
21. Rd5 Nxg3 22. hxg3 Qa5 23. Red1 Qxa2 24. Rxd6 Rxd6 25. Rxd6 h6 26. Rd7 Qa5
27. Qd1 b6 28. Kh2 Qa2 29. b3 a5 30. Rd8 Rxd8 31. Qxd8+ Kh7 32. Qxb6 Qa3 33.
Qb7 f6 34. Qb5 h5 35. f4 h4 36. gxh4 Qc1 37. Qxc5 Qxf4+ 38. g3 Qxe4 39. Qh5+
Kg8 40. Qd5+ Qxd5 41. cxd5 1-0

[Event "XII Open Vallee d'Aoste A"]
[Site "Saint Vincent - Chatillon ITA"]
[Date "2004.02.09"]
[Round "2"]
[White "Tomba, Ivan"]
[Black "Zhukova, Natalia"]
[Result "0-1"]
[WhiteElo "2236"]
[BlackElo "2462"]
[PlyCount "46"]
[EventDate "2004.02.08"]

1. e4 e6 2. d4 d5 3. e5 c5 4. c3 Nc6 5. Nf3 Bd7 6. a3 f6 7. exf6 Nxf6 8. Bd3
cxd4 9. cxd4 Bd6 10. O-O O-O 11. Nc3 Qe8 12. Ne2 e5 13. dxe5 Nxe5 14. Nxe5 Bxe5
15. Qb3 Kh8 16. Bf4 Bxf4 17. Nxf4 Ng4 18. Ne2 Nxf2 19. Rxf2 Qe3 20. Raf1 Rxf2
21. Rxf2 Rf8 22. Nf4 Rxf4 23. Qc2 Bf5 0-1

[Event "XII Open Vallee d'Aoste A"]
[Site "Saint Vincent - Chatillon ITA"]
[Date "2004.02.09"]
[Round "2"]
[White "Van den Bersselaar, Jeroen"]
[Black "Naumkin, Igor"]
[Result "0-1"]
[WhiteElo "2188"]
[BlackElo "2416"]
[PlyCount "72"]
[EventDate "2004.02.08"]

1. d4 e6 2. c4 Nf6 3. Nc3 Bb4 4. e3 c5 5. Nge2 d5 6. a3 Bxc3+ 7. Nxc3 cxd4 8.
exd4 dxc4 9. Bxc4 Nc6 10. Be3 O-O 11. O-O b6 12. Qf3 Bb7 13. Bd3 Qd7 14. Qh3
Ne7 15. Bg5 Ng6 16. Bxf6 gxf6 17. Rad1 Rad8 18. Rfe1 Kg7 19. d5 Bxd5 20. Be4
Qc6 21. Nxd5 exd5 22. Bf5 Rfe8 23. Qg3 Rxe1+ 24. Rxe1 Re8 25. Rd1 Qa4 26. Qd3
Nf4 27. b3 Nxd3 28. bxa4 Nb2 29. Rc1 Nxa4 30. Bd7 Nc3 31. Kf1 Rd8 32. Bf5 d4
33. Ke1 Re8+ 34. Kf1 Re5 35. g4 Ra5 36. Ra1 b5 0-1

[Event "XII Open Vallee d'Aoste A"]
[Site "Saint Vincent - Chatillon ITA"]
[Date "2004.02.09"]
[Round "3"]
[White "Bruzon Batista, Lazaro"]
[Black "Contin, Daniel"]
[Result "1/2-1/2"]
[WhiteElo "2603"]
[BlackElo "2394"]
[PlyCount "78"]
[EventDate "2004.02.08"]

1. e4 e6 2. d4 d5 3. Nc3 Bb4 4. e5 c5 5. a3 Bxc3+ 6. bxc3 Ne7 7. Nf3 Bd7 8. Rb1
Qc7 9. Bd3 Nbc6 10. O-O c4 11. Be2 f6 12. Bf4 Ng6 13. Bg3 f5 14. h4 h6 15. h5
Nge7 16. Nh4 O-O-O 17. Bf4 Be8 18. g3 Bf7 19. Kg2 Bxh5 20. Bxh5 g5 21. Nxf5
Nxf5 22. Bd2 Rdg8 23. Rh1 Qh7 24. Rc1 Nce7 25. Qe2 Ng6 26. Rh2 Qe7 27. a4 Qa3
28. Qd1 a6 29. Ra1 Qf8 30. a5 Nge7 31. Bc1 Qg7 32. Ba3 Nc6 33. Bc5 g4 34. Qe2
Rh7 35. Qd1 Qg5 36. Qe2 Rd7 37. Qd1 Rh7 38. Qe2 Rd7 39. Qd1 Rh7 1/2-1/2

[Event "XII Open Vallee d'Aoste A"]
[Site "Saint Vincent - Chatillon ITA"]
[Date "2004.02.09"]
[Round "3"]
[White "Burmakin, Vladimir"]
[Black "Nordahl, Helge"]
[Result "1/2-1/2"]
[WhiteElo "2596"]
[BlackElo "2346"]
[PlyCount "36"]
[EventDate "2004.02.08"]

1. d4 Nf6 2. Nf3 g6 3. c4 Bg7 4. g3 O-O 5. Bg2 d6 6. O-O Nc6 7. d5 Na5 8. Nfd2
c5 9. a3 b6 10. b4 Nb7 11. Bb2 Bd7 12. Nf3 Rb8 13. Nbd2 b5 14. bxc5 Nxc5 15.
Nd4 Na4 16. Qc2 Nxb2 17. Qxb2 bxc4 18. Qc3 Qb6 1/2-1/2

[Event "XII Open Vallee d'Aoste A"]
[Site "Saint Vincent - Chatillon ITA"]
[Date "2004.02.09"]
[Round "3"]
[White "Ciuksyte, Dagne"]
[Black "Gagunashvili, Merab"]
[Result "0-1"]
[WhiteElo "2392"]
[BlackElo "2583"]
[PlyCount "56"]
[EventDate "2004.02.08"]

1. e4 d6 2. d4 Nf6 3. Nc3 g6 4. Be3 c6 5. h3 Bg7 6. Qd2 b5 7. Bd3 O-O 8. Nf3
Nbd7 9. O-O Qc7 10. Rfe1 a5 11. Ne2 a4 12. Ng3 Bb7 13. Rad1 Rfe8 14. Bg5 e5 15.
dxe5 dxe5 16. c4 Qb6 17. Be3 Nc5 18. cxb5 cxb5 19. Qb4 Nxd3 20. Rxd3 Qe6 21.
Rc1 Bf8 22. Bc5 Rec8 23. Rdc3 Rxc5 24. Rxc5 Nd7 25. Qxb5 Nxc5 26. Rxc5 Bxc5 27.
Qxb7 Rd8 28. Qb5 Qb6 0-1

[Event "XII Open Vallee d'Aoste A"]
[Site "Saint Vincent - Chatillon ITA"]
[Date "2004.02.09"]
[Round "3"]
[White "D'Amore, Carlo"]
[Black "Faraoni, Enrico"]
[Result "1-0"]
[WhiteElo "2441"]
[BlackElo "2164"]
[PlyCount "103"]
[EventDate "2004.02.08"]

1. Nf3 f5 2. d4 Nf6 3. c3 e6 4. Bg5 Be7 5. Nbd2 Ne4 6. Bxe7 Qxe7 7. e3 b6 8.
Nxe4 fxe4 9. Nd2 Bb7 10. Qh5+ Qf7 11. Qh4 O-O 12. f3 exf3 13. gxf3 Qf6 14. Qg3
Qh6 15. Kf2 d6 16. Bd3 Nd7 17. Rag1 Rf7 18. Qg5 Qxg5 19. Rxg5 Raf8 20. Rg3 Nf6
21. Rhg1 g6 22. Ke2 e5 23. dxe5 dxe5 24. Bc4 Bd5 25. Bxd5 Nxd5 26. Rg5 Rf5 27.
h4 Ne7 28. Rxf5 Rxf5 29. Ne4 h6 30. Rd1 Rf7 31. h5 gxh5 32. Rh1 Kg7 33. Rxh5
Ng6 34. Rh1 Rd7 35. Ng3 Nh8 36. Nf5+ Kg6 37. Rxh6+ Kxf5 38. Rxh8 Rg7 39. Rh5+
Ke6 40. Kd3 Rg2 41. Ke4 Rxb2 42. Rxe5+ Kf6 43. Re8 Rxa2 44. Rc8 c5 45. f4 Rb2
46. Rc6+ Ke7 47. Rc7+ Kd6 48. Rxa7 Rb1 49. Rh7 b5 50. Rh6+ Kc7 51. Kd5 Rb3 52.
Rc6+ 1-0

[Event "XII Open Vallee d'Aoste A"]
[Site "Saint Vincent - Chatillon ITA"]
[Date "2004.02.09"]
[Round "3"]
[White "Dittmar, Peter"]
[Black "Romanishin, Oleg M."]
[Result "1/2-1/2"]
[WhiteElo "2369"]
[BlackElo "2537"]
[PlyCount "48"]
[EventDate "2004.02.08"]

1. c4 e5 2. Nc3 Nf6 3. g3 d5 4. cxd5 Nxd5 5. Bg2 Nb6 6. Nf3 Nc6 7. O-O Be7 8.
a3 Be6 9. b4 Nd4 10. Rb1 Nxf3+ 11. Bxf3 c6 12. b5 Rc8 13. bxc6 bxc6 14. d3 O-O
15. Bb2 Qd7 16. Qc2 Bd5 17. Ne4 f6 18. a4 Bf7 19. a5 Nd5 20. Nc5 Qc7 21. Bg4
Nb4 22. Qc3 Na2 23. Qc2 Nb4 24. Qc3 Na2 1/2-1/2

[Event "XII Open Vallee d'Aoste A"]
[Site "Saint Vincent - Chatillon ITA"]
[Date "2004.02.09"]
[Round "3"]
[White "Efimov, Igor"]
[Black "O'Cinneide, Mel"]
[Result "1-0"]
[WhiteElo "2505"]
[BlackElo "2256"]
[PlyCount "45"]
[EventDate "2004.02.08"]

1. d4 Nf6 2. Nf3 e6 3. c4 Bb4+ 4. Nbd2 b6 5. a3 Bxd2+ 6. Bxd2 Bb7 7. Bg5 d6 8.
e3 Nbd7 9. Be2 h6 10. Bh4 g5 11. Bg3 Ne4 12. d5 h5 13. h4 g4 14. Qd4 Ndf6 15.
Ng5 Nxg3 16. fxg3 Qe7 17. O-O e5 18. Qd3 Bc8 19. Rf2 Bd7 20. Raf1 Rh6 21. Bd1
O-O-O 22. b4 c6 23. c5 1-0